=LDR 00000nam 2200000 4500 =001 INLIS000000000024267 =005 20130612122851 =008 ***********************************ind** =035 ##$$0010-061300000024267 =041 ##$$a ind =082 ##$$a 612.6 =090 ##$$a 612.6, TAN p =100 ##$$a Tanner, James M =245 ##$$a Pertumbuhan, James M. Tanner, Gordon Rattray Taylor =260 ##$$a 1981 $b Jakarta =300 ##$$a 193 hlm., ilus., 27 cm =650 ##$$a Fisiologi Manusia =650 ##$$a Perkembangan =850 ##$$a NBPNMAT